[Event "DVM U16 2022"]
[Site "Darmstadt GER"]
[Date "2022.12.29"]
[Round "6"]
[White "Beberhold, Otto Richard"]
[Black "Walter, Romeo"]
[Result "1/2-1/2"]
[Termination "normal"]
[Board "6.3"]
[WhiteElo "1553"]
[BlackElo "1267"]
[WhiteClock "00:47:42"]
[BlackClock "00:00:38"]
[WhiteTeam "SSV Vimaria 91 Weimar"]
[BlackTeam "SC Ostfildern 1952 e.V."]
[PlyCount "79"]
[WhiteFideId "34617248"]
[BlackFideId "16275055"]
[EventCountry "GER"]
[EventRounds "7"]
[EventType "team-swiss"]
[EventDate "2022.12.26"]

1. d4 {[%clk 1:30:58]} e6 {[%clk 1:30:54]} 2. Nf3 {[%clk 1:31:24]} Nf6 {[%clk
1:31:11]} 3. e3 {[%clk 1:31:47]} d5 {[%clk 1:31:37]} 4. Bd3 {[%clk 1:32:10]} c5
{[%clk 1:32:01]} 5. b3 {[%clk 1:32:23]} Nc6 {[%clk 1:31:49]} 6. O-O {[%clk
1:32:35]} Bd7 {[%clk 1:31:41]} 7. Bb2 {[%clk 1:32:43]} Be7 {[%clk 1:31:17]} 8.
Nbd2 {[%clk 1:32:26]} O-O {[%clk 1:31:36]} 9. Ne5 {[%clk 1:32:45]} Nb4 {[%clk
1:30:51]} 10. Be2 {[%clk 1:32:38]} cxd4 {[%clk 1:30:25]} 11. exd4 {[%clk
1:32:58]} Rc8 {[%clk 1:30:15]} 12. c3 {[%clk 1:32:26]} Nc6 {[%clk 1:30:18]} 13.
f4 {[%clk 1:32:22]} Nxe5 {[%clk 1:27:42]} 14. fxe5 {[%clk 1:31:34]} Ne8 {[%clk
1:26:50]} 15. Bd3 {[%clk 1:29:24]} g6 {[%clk 1:26:50]} 16. c4 {[%clk 1:21:18]}
Ng7 {[%clk 1:24:08]} 17. Qe2 {[%clk 1:18:53]} f6 {[%clk 1:16:40]} 18. cxd5
{[%clk 1:14:49]} exd5 {[%clk 1:16:36]} 19. Nf3 {[%clk 1:11:34]} Bg4 {[%clk
1:10:34]} 20. h3 {[%clk 1:09:48]} Bxf3 {[%clk 1:09:18]} 21. Rxf3 {[%clk
1:09:45]} Qb6 {[%clk 1:05:00]} 22. Raf1 {[%clk 1:08:26]} f5 {[%clk 1:03:04]}
23. R3f2 {[%clk 1:00:36]} Ne6 {[%clk 1:02:45]} 24. Qf3 {[%clk 1:00:01]} Rcd8
{[%clk 1:01:12]} 25. Qg3 {[%clk 0:57:33]} Nxd4 {[%clk 0:59:13]} 26. Bc1 {[%clk
0:54:42]} Bc5 {[%clk 0:39:55]} 27. Kh1 {[%clk 0:54:09]} Qe6 {[%clk 0:38:41]}
28. Be3 {[%clk 0:52:38]} Kh8 {[%clk 0:31:32]} 29. Qh4 {[%clk 0:48:49]} Qxe5
{[%clk 0:20:54]} 30. Bh6 {[%clk 0:48:50]} Rfe8 {[%clk 0:10:39]} 31. Bg5 {[%clk
0:49:07]} Be7 {[%clk 0:09:59]} 32. Bxe7 {[%clk 0:46:29]} Rxe7 {[%clk 0:10:08]}
33. g4 {[%clk 0:46:32]} Rf8 {[%clk 0:07:23]} 34. gxf5 {[%clk 0:46:01]} Nxf5
{[%clk 0:06:46]} 35. Bxf5 {[%clk 0:46:21]} Rxf5 {[%clk 0:05:28]} 36. Rxf5
{[%clk 0:46:41]} gxf5 {[%clk 0:05:22]} 37. Rxf5 {[%clk 0:46:47]} Qxf5 {[%clk
0:05:02]} 38. Qxe7 {[%clk 0:47:06]} Qe4 {[%clk 0:00:35]} 39. Qxe4 {[%clk
0:47:21]} dxe4 {[%clk 0:00:38]} 40. Kg2 {[%clk 0:47:42]} 1/2-1/2

[Event "DVM U16 2022"]
[Site "Darmstadt GER"]
[Date "2022.12.29"]
[Round "6"]
[White "Erhardt, Daniel"]
[Black "Stadelmann, Constantin"]
[Result "1-0"]
[Termination "normal"]
[Board "6.4"]
[WhiteElo "1324"]
[BlackElo "1352"]
[WhiteClock "01:05:43"]
[BlackClock "00:53:57"]
[WhiteTeam "SC Ostfildern 1952 e.V."]
[BlackTeam "SSV Vimaria 91 Weimar"]
[PlyCount "77"]
[WhiteFideId "16249429"]
[BlackFideId "16297970"]
[EventCountry "GER"]
[EventRounds "7"]
[EventType "team-swiss"]
[EventDate "2022.12.26"]

1. e4 {[%clk 1:30:43]} d5 {[%clk 1:30:56]} 2. exd5 {[%clk 1:31:00]} Qxd5 {[%clk
1:31:22]} 3. Nc3 {[%clk 1:30:53]} Qa5 {[%clk 1:31:44]} 4. d4 {[%clk 1:30:52]}
Nf6 {[%clk 1:32:09]} 5. Bd2 {[%clk 1:30:58]} Bg4 {[%clk 1:32:32]} 6. Be2 {[%clk
1:30:57]} Bxe2 {[%clk 1:32:57]} 7. Qxe2 {[%clk 1:30:36]} e6 {[%clk 1:32:34]} 8.
a3 {[%clk 1:29:57]} Nc6 {[%clk 1:30:49]} 9. Nf3 {[%clk 1:30:01]} O-O-O {[%clk
1:31:09]} 10. Ne4 {[%clk 1:26:43]} Qb6 {[%clk 1:30:07]} 11. Nxf6 {[%clk
1:25:05]} gxf6 {[%clk 1:30:31]} 12. Bc3 {[%clk 1:21:35]} Rg8 {[%clk 1:28:16]}
13. g3 {[%clk 1:20:16]} Bh6 {[%clk 1:27:48]} 14. O-O {[%clk 1:17:06]} Rd5
{[%clk 1:21:58]} 15. b4 {[%clk 1:15:25]} f5 {[%clk 1:19:18]} 16. Rfb1 {[%clk
1:13:44]} f4 {[%clk 1:17:22]} 17. a4 {[%clk 1:13:02]} Ne7 {[%clk 1:16:05]} 18.
Ne5 {[%clk 1:12:23]} Rg7 {[%clk 1:09:13]} 19. b5 {[%clk 1:10:53]} Qd6 {[%clk
1:08:16]} 20. a5 {[%clk 1:08:35]} c6 {[%clk 1:05:53]} 21. bxc6 {[%clk 1:08:36]}
Nxc6 {[%clk 1:06:15]} 22. Qc4 {[%clk 1:07:03]} Kc7 {[%clk 1:02:23]} 23. a6
{[%clk 1:05:34]} b6 {[%clk 1:01:53]} 24. Bb4 {[%clk 1:05:47]} Rc5 25. Bxc5
{[%clk 1:04:45]} bxc5 {[%clk 0:54:31]} 26. Rb7 {[%clk 1:04:56]} Kc8 {[%clk
0:54:46]} 27. Nxc6 {[%clk 1:05:18]} Qxc6 {[%clk 0:54:56]} 28. Qxc5 {[%clk
1:05:41]} Qxc5 {[%clk 0:55:17]} 29. dxc5 {[%clk 1:06:00]} f5 {[%clk 0:55:41]}
30. Rxg7 {[%clk 1:05:42]} Bxg7 {[%clk 0:55:59]} 31. Rb1 {[%clk 1:06:06]} fxg3
{[%clk 0:55:56]} 32. hxg3 {[%clk 1:06:24]} Bd4 {[%clk 0:56:03]} 33. Rb4 {[%clk
1:05:54]} e5 {[%clk 0:55:35]} 34. Kg2 {[%clk 1:06:10]} Kd8 {[%clk 0:55:45]} 35.
Rb7 {[%clk 1:06:14]} h6 {[%clk 0:55:16]} 36. Rh7 {[%clk 1:06:17]} Bxc5 {[%clk
0:55:15]} 37. Rxh6 {[%clk 1:06:37]} Ke7 {[%clk 0:55:21]} 38. f3 {[%clk
1:05:28]} Bb6 {[%clk 0:53:57]} 39. Rxb6 {[%clk 1:05:43]} 1-0

[Event "DVM U16 2022"]
[Site "Darmstadt GER"]
[Date "2022.12.29"]
[Round "6"]
[White "Tulchynsky, David"]
[Black "Popovici, Liviu-Daniel"]
[Result "1/2-1/2"]
[Termination "normal"]
[Board "7.2"]
[WhiteElo "1617"]
[BlackElo "1594"]
[WhiteClock "00:18:31"]
[BlackClock "00:12:26"]
[WhiteTeam "KSV Rochade Göttingen (Veltheim)"]
[BlackTeam "Schach-Club Vaterstetten-Grasbrunn"]
[PlyCount "82"]
[WhiteFideId "16289560"]
[BlackFideId "1253689"]
[EventCountry "GER"]
[EventRounds "7"]
[EventType "team-swiss"]
[EventDate "2022.12.26"]

1. e4 {[%clk 1:30:59]} c5 {[%clk 1:30:54]} 2. Nc3 {[%clk 1:31:15]} d6 {[%clk
1:30:48]} 3. f4 {[%clk 1:31:42]} Nc6 {[%clk 1:29:49]} 4. Nf3 {[%clk 1:32:08]}
Nf6 {[%clk 1:28:55]} 5. g3 {[%clk 1:32:28]} a6 {[%clk 1:25:26]} 6. a4 {[%clk
1:32:55]} b6 {[%clk 1:25:45]} 7. Bg2 {[%clk 1:33:18]} Bb7 {[%clk 1:25:55]} 8.
O-O {[%clk 1:33:23]} e6 {[%clk 1:23:24]} 9. d3 {[%clk 1:33:45]} Be7 {[%clk
1:23:10]} 10. Bd2 {[%clk 1:34:02]} Qc7 {[%clk 1:21:31]} 11. Qe2 {[%clk
1:28:57]} O-O {[%clk 1:18:15]} 12. h3 {[%clk 1:29:20]} d5 {[%clk 1:07:08]} 13.
e5 {[%clk 1:18:26]} Nd7 {[%clk 1:06:56]} 14. Rac1 {[%clk 1:17:25]} Rae8 {[%clk
1:02:52]} 15. g4 {[%clk 1:15:57]} f6 {[%clk 0:58:20]} 16. exf6 {[%clk 1:12:48]}
Bxf6 {[%clk 0:58:41]} 17. g5 {[%clk 1:11:09]} Nd4 {[%clk 0:54:20]} 18. Nxd4
{[%clk 1:06:06]} Bxd4 {[%clk 0:54:41]} 19. Kh1 {[%clk 1:06:29]} Qd6 {[%clk
0:52:48]} 20. Rce1 {[%clk 1:03:18]} Rf5 {[%clk 0:42:13]} 21. Qg4 {[%clk
1:01:14]} Ref8 {[%clk 0:39:59]} 22. Ne2 {[%clk 0:57:27]} Bxb2 23. Ng3 {[%clk
0:57:22]} R5f7 {[%clk 0:25:23]} 24. Rxe6 {[%clk 0:57:40]} Qc7 {[%clk 0:25:47]}
25. Rfe1 {[%clk 0:48:32]} d4 {[%clk 0:21:49]} 26. Ne4 {[%clk 0:46:32]} Bc3
{[%clk 0:20:11]} 27. Nxc3 {[%clk 0:44:11]} dxc3 {[%clk 0:20:34]} 28. Bc1 {[%clk
0:44:32]} b5 {[%clk 0:16:46]} 29. Re7 {[%clk 0:36:14]} Bxg2 {[%clk 0:14:09]}
30. Kxg2 {[%clk 0:36:23]} Rxe7 {[%clk 0:12:54]} 31. Rxe7 {[%clk 0:36:37]} Qc6
{[%clk 0:13:19]} 32. Kg1 {[%clk 0:36:50]} Nb6 {[%clk 0:12:52]} 33. axb5 {[%clk
0:36:22]} axb5 {[%clk 0:12:16]} 34. Qe6 {[%clk 0:28:34]} Qxe6 {[%clk 0:12:39]}
35. Rxe6 {[%clk 0:29:00]} Nd5 {[%clk 0:13:00]} 36. Re5 {[%clk 0:29:17]} Nxf4
{[%clk 0:12:07]} 37. Bxf4 {[%clk 0:28:21]} Rxf4 {[%clk 0:12:26]} 38. Rxc5
{[%clk 0:28:46]} b4 {[%clk 0:12:42]} 39. Kg2 {[%clk 0:27:10]} Kf7 {[%clk
0:12:29]} 40. Kg3 {[%clk 0:19:44]} Rd4 {[%clk 0:12:26]} 41. Rb5 {[%clk
0:18:31]} Kg6 1/2-1/2

[Event "DVM U16 2022"]
[Site "Darmstadt GER"]
[Date "2022.12.29"]
[Round "6"]
[White "Deiters, Clemens"]
[Black "Lesser, Luan"]
[Result "1-0"]
[Termination "normal"]
[Board "7.3"]
[WhiteElo "1343"]
[BlackElo "1413"]
[WhiteClock "00:04:53"]
[BlackClock "00:22:25"]
[WhiteTeam "Schach-Club Vaterstetten-Grasbrunn"]
[BlackTeam "KSV Rochade Göttingen (Veltheim)"]
[PlyCount "115"]
[WhiteFideId "16240243"]
[BlackFideId "34640150"]
[EventCountry "GER"]
[EventRounds "7"]
[EventType "team-swiss"]
[EventDate "2022.12.26"]

1. e4 {[%clk 1:30:56]} g6 {[%clk 1:30:55]} 2. d4 {[%clk 1:31:17]} Bg7 {[%clk
1:31:20]} 3. Nc3 {[%clk 1:31:33]} d6 {[%clk 1:31:39]} 4. f4 {[%clk 1:31:31]}
Nf6 {[%clk 1:30:37]} 5. Nf3 {[%clk 1:31:33]} Bg4 {[%clk 1:30:29]} 6. Be2 {[%clk
1:30:55]} O-O {[%clk 1:29:54]} 7. O-O {[%clk 1:30:47]} Nbd7 {[%clk 1:29:39]} 8.
Be3 {[%clk 1:29:17]} Rc8 {[%clk 1:26:42]} 9. e5 {[%clk 1:25:47]} Ne8 {[%clk
1:26:52]} 10. h3 {[%clk 1:25:06]} Bxf3 {[%clk 1:25:47]} 11. Bxf3 {[%clk
1:25:29]} c6 {[%clk 1:26:11]} 12. Ne4 {[%clk 1:21:34]} f5 {[%clk 1:23:57]} 13.
Nd2 {[%clk 1:19:29]} e6 {[%clk 1:22:37]} 14. c3 {[%clk 1:18:57]} d5 {[%clk
1:22:50]} 15. Qb3 {[%clk 1:18:12]} Qb6 {[%clk 1:21:56]} 16. c4 {[%clk 1:13:28]}
Nc7 {[%clk 1:20:06]} 17. Rac1 {[%clk 1:12:16]} Qxb3 {[%clk 1:19:13]} 18. Nxb3
{[%clk 1:11:59]} Nb6 {[%clk 1:19:11]} 19. Be2 {[%clk 1:10:33]} Nd7 {[%clk
1:17:46]} 20. Rc2 {[%clk 1:09:53]} Nb6 {[%clk 1:14:54]} 21. Nc5 {[%clk
1:07:52]} Rb8 {[%clk 1:12:37]} 22. b3 {[%clk 1:05:20]} Rf7 {[%clk 1:09:45]} 23.
Rfc1 {[%clk 1:01:34]} Bf8 {[%clk 1:08:23]} 24. Nd3 {[%clk 0:57:53]} Nc8 {[%clk
1:00:35]} 25. Bf3 {[%clk 0:58:04]} Ne7 {[%clk 1:01:02]} 26. Bf2 {[%clk
0:56:39]} Nc8 27. cxd5 {[%clk 0:55:26]} exd5 {[%clk 0:49:48]} 28. Re1 {[%clk
0:54:37]} Ne6 {[%clk 0:48:59]} 29. Rec1 {[%clk 0:54:39]} Kg7 {[%clk 0:45:56]}
30. Bxd5 {[%clk 0:52:41]} cxd5 {[%clk 0:43:49]} 31. Rxc8 {[%clk 0:53:02]} Rxc8
{[%clk 0:44:17]} 32. Rxc8 {[%clk 0:53:25]} b6 {[%clk 0:44:01]} 33. Rc6 {[%clk
0:52:53]} Re7 {[%clk 0:43:37]} 34. Kf1 {[%clk 0:52:15]} Kf7 {[%clk 0:43:18]}
35. Rd6 {[%clk 0:37:43]} Bh6 {[%clk 0:39:48]} 36. g3 {[%clk 0:35:57]} Nc7
{[%clk 0:39:43]} 37. Nb4 {[%clk 0:33:06]} Re6 {[%clk 0:39:40]} 38. Nc6 {[%clk
0:29:18]} Nb5 {[%clk 0:31:17]} 39. Nd8 {[%clk 0:27:24]} Ke7 {[%clk 0:31:24]}
40. Rxe6 {[%clk 0:27:46]} Kxd8 {[%clk 0:31:18]} 41. Rc6 {[%clk 0:27:44]} Kd7
{[%clk 0:31:17]} 42. Rc1 {[%clk 0:27:22]} Nc7 {[%clk 0:30:18]} 43. Ke2 {[%clk
0:27:07]} b5 {[%clk 0:30:10]} 44. Be1 {[%clk 0:25:14]} Bf8 {[%clk 0:30:38]} 45.
g4 {[%clk 0:17:32]} Be7 {[%clk 0:30:22]} 46. Ke3 {[%clk 0:13:37]} h6 {[%clk
0:27:03]} 47. Rc2 {[%clk 0:12:09]} Ne6 {[%clk 0:24:49]} 48. gxf5 {[%clk
0:11:55]} gxf5 {[%clk 0:25:16]} 49. Rg2 {[%clk 0:12:09]} Bf8 {[%clk 0:23:38]}
50. Bh4 {[%clk 0:11:19]} a5 {[%clk 0:22:51]} 51. Be1 {[%clk 0:09:52]} b4 {[%clk
0:22:47]} 52. a3 {[%clk 0:09:57]} Kc6 {[%clk 0:22:18]} 53. axb4 {[%clk
0:08:46]} axb4 {[%clk 0:22:47]} 54. Rc2 {[%clk 0:07:11]} Kb7 {[%clk 0:22:25]}
55. Rg2 {[%clk 0:05:50]} Kc6 {[%clk 0:22:42]} 56. Rg6 {[%clk 0:06:06]} Kd7
{[%clk 0:22:56]} 57. Rf6 {[%clk 0:05:17]} Ke7 {[%clk 0:22:25]} 58. Bxb4 {[%clk
0:04:53]} 1-0

[Event "DVM U16 2022"]
[Site "Darmstadt GER"]
[Date "2022.12.29"]
[Round "6"]
[White "Liestmann, Marius"]
[Black "Karpen, Jakob"]
[Result "1-0"]
[Termination "normal"]
[Board "7.4"]
[WhiteElo "1292"]
[BlackElo "1345"]
[WhiteClock "01:14:07"]
[BlackClock "00:51:33"]
[WhiteTeam "KSV Rochade Göttingen (Veltheim)"]
[BlackTeam "Schach-Club Vaterstetten-Grasbrunn"]
[PlyCount "59"]
[WhiteFideId "34640169"]
[BlackFideId "16255453"]
[EventCountry "GER"]
[EventRounds "7"]
[EventType "team-swiss"]
[EventDate "2022.12.26"]

1. e4 {[%clk 1:30:59]} e5 {[%clk 1:30:36]} 2. f4 {[%clk 1:31:23]} Nc6 {[%clk
1:30:41]} 3. Nf3 {[%clk 1:31:47]} Be7 {[%clk 1:29:49]} 4. Bc4 {[%clk 1:31:15]}
d6 {[%clk 1:29:44]} 5. O-O {[%clk 1:31:37]} Nf6 {[%clk 1:25:31]} 6. Nc3 {[%clk
1:31:26]} Bg4 {[%clk 1:25:16]} 7. d3 {[%clk 1:31:03]} Qd7 {[%clk 1:24:44]} 8.
h3 {[%clk 1:30:28]} Bxf3 {[%clk 1:24:29]} 9. Qxf3 {[%clk 1:30:35]} Nd4 {[%clk
1:24:32]} 10. Qf2 {[%clk 1:30:48]} Rf8 {[%clk 1:21:36]} 11. Be3 {[%clk
1:29:44]} Nc6 {[%clk 1:20:39]} 12. Rae1 {[%clk 1:28:49]} O-O-O {[%clk 1:20:39]}
13. Bxa7 {[%clk 1:29:06]} exf4 {[%clk 1:20:31]} 14. Bb5 {[%clk 1:27:30]} g5
{[%clk 1:08:46]} 15. d4 {[%clk 1:17:41]} d5 {[%clk 1:02:09]} 16. exd5 {[%clk
1:15:24]} Nxd5 {[%clk 1:02:32]} 17. Nxd5 {[%clk 1:15:44]} Qxd5 {[%clk 1:02:59]}
18. Bxc6 {[%clk 1:16:04]} Qxc6 {[%clk 1:03:28]} 19. Rxe7 {[%clk 1:16:24]} b6
{[%clk 1:03:55]} 20. Qe2 {[%clk 1:14:46]} Kb7 {[%clk 1:03:52]} 21. Bxb6 {[%clk
1:13:51]} Qxb6 {[%clk 1:04:12]} 22. Rf3 {[%clk 1:13:07]} Qxd4 {[%clk 1:04:03]}
23. Kh2 {[%clk 1:13:26]} Rd6 {[%clk 0:56:00]} 24. Rb3 {[%clk 1:12:28]} Rb6
{[%clk 0:56:12]} 25. Qf3 {[%clk 1:12:50]} Kb8 {[%clk 0:50:43]} 26. Ra3 {[%clk
1:13:01]} c6 {[%clk 0:51:05]} 27. Ra8 {[%clk 1:13:16]} Kxa8 {[%clk 0:51:14]}
28. Qa3 {[%clk 1:13:41]} Kb8 {[%clk 0:51:12]} 29. Qa7 {[%clk 1:14:07]} Kc8
{[%clk 0:51:33]} 30. Qc7# 1-0

[Event "DVM U16 2022"]
[Site "Darmstadt GER"]
[Date "2022.12.29"]
[Round "6"]
[White "Kolkmann, Tom"]
[Black "Gotfried, Elias"]
[Result "1/2-1/2"]
[Termination "normal"]
[Board "8.2"]
[WhiteElo "1661"]
[BlackElo "1172"]
[WhiteClock "00:07:21"]
[BlackClock "00:05:26"]
[WhiteTeam "Rhedaer Schachverein von 1931 e. V."]
[BlackTeam "Stuttgarter SF 1879"]
[PlyCount "70"]
[WhiteFideId "34607013"]
[BlackFideId "34630171"]
[EventCountry "GER"]
[EventRounds "7"]
[EventType "team-swiss"]
[EventDate "2022.12.26"]

1. c3 {[%clk 1:30:57]} d5 {[%clk 1:30:30]} 2. d4 {[%clk 1:31:24]} e6 {[%clk
1:30:31]} 3. Bf4 {[%clk 1:31:49]} c5 {[%clk 1:30:49]} 4. e3 {[%clk 1:31:55]}
Nc6 {[%clk 1:30:32]} 5. Nf3 {[%clk 1:32:21]} Bd6 {[%clk 1:28:48]} 6. Bxd6
{[%clk 1:32:08]} Qxd6 {[%clk 1:29:12]} 7. Bd3 {[%clk 1:32:23]} c4 {[%clk
1:29:21]} 8. Bc2 {[%clk 1:32:44]} Nf6 {[%clk 1:29:20]} 9. Nbd2 {[%clk 1:33:07]}
b5 {[%clk 1:26:37]} 10. b4 {[%clk 1:30:03]} a5 {[%clk 1:20:38]} 11. a3 {[%clk
1:28:41]} e5 {[%clk 1:20:22]} 12. dxe5 {[%clk 1:22:00]} Nxe5 {[%clk 1:20:38]}
13. Nd4 {[%clk 1:22:24]} Bd7 {[%clk 1:17:50]} 14. O-O {[%clk 1:19:33]} O-O
{[%clk 1:15:05]} 15. e4 {[%clk 1:15:31]} Ng6 {[%clk 1:04:11]} 16. exd5 {[%clk
1:10:01]} Nxd5 {[%clk 0:56:46]} 17. Ne4 {[%clk 1:06:47]} Qb6 {[%clk 0:49:00]}
18. Qd2 {[%clk 1:03:16]} Bc6 {[%clk 0:41:32]} 19. Nc5 {[%clk 0:57:47]} Ngf4
{[%clk 0:30:02]} 20. Rfd1 {[%clk 0:45:54]} Rad8 {[%clk 0:22:59]} 21. g3 {[%clk
0:38:41]} Ng6 {[%clk 0:15:49]} 22. Bxg6 {[%clk 0:34:20]} hxg6 {[%clk 0:15:50]}
23. Qc2 {[%clk 0:22:22]} Rfe8 {[%clk 0:14:29]} 24. Rd2 {[%clk 0:21:11]} Rc8
{[%clk 0:12:38]} 25. Rad1 {[%clk 0:20:46]} Nf6 {[%clk 0:12:11]} 26. Nxc6 {[%clk
0:20:09]} Qxc6 {[%clk 0:12:26]} 27. Rd6 {[%clk 0:19:29]} Qf3 {[%clk 0:12:37]}
28. R6d2 {[%clk 0:16:01]} axb4 {[%clk 0:11:52]} 29. axb4 {[%clk 0:11:36]} Re7
{[%clk 0:11:34]} 30. Rd8 {[%clk 0:10:13]} Rxd8 {[%clk 0:11:37]} 31. Rxd8 {[%clk
0:10:36]} Kh7 {[%clk 0:11:58]} 32. Qc1 {[%clk 0:08:17]} Re2 {[%clk 0:11:18]}
33. Qf1 {[%clk 0:07:29]} Ng4 {[%clk 0:11:20]} 34. Qh3 {[%clk 0:07:08]} Nh6
{[%clk 0:11:44]} 35. Qf1 {[%clk 0:07:21]} Ng4 {[%clk 0:05:26]} 1/2-1/2

[Event "DVM U16 2022"]
[Site "Darmstadt GER"]
[Date "2022.12.29"]
[Round "6"]
[White "Sökler, Jakob"]
[Black "Schirneck, Ethan"]
[Result "1/2-1/2"]
[Termination "normal"]
[Board "8.3"]
[WhiteElo "1585"]
[BlackElo "1497"]
[WhiteClock "00:19:28"]
[BlackClock "00:13:04"]
[WhiteTeam "Stuttgarter SF 1879"]
[BlackTeam "Rhedaer Schachverein von 1931 e. V."]
[PlyCount "59"]
[WhiteFideId "34630350"]
[BlackFideId "34625593"]
[EventCountry "GER"]
[EventRounds "7"]
[EventType "team-swiss"]
[EventDate "2022.12.26"]

1. d4 {[%clk 1:30:55]} Nf6 {[%clk 1:30:56]} 2. c4 {[%clk 1:31:12]} g6 {[%clk
1:31:21]} 3. Nc3 {[%clk 1:31:35]} Bg7 {[%clk 1:31:42]} 4. Nf3 {[%clk 1:31:55]}
d6 {[%clk 1:31:55]} 5. Bg5 {[%clk 1:31:59]} O-O {[%clk 1:32:16]} 6. e3 {[%clk
1:32:14]} Qe8 {[%clk 1:32:11]} 7. Bd3 {[%clk 1:29:07]} Nbd7 {[%clk 1:29:59]} 8.
O-O {[%clk 1:27:07]} e5 {[%clk 1:28:25]} 9. Qc2 {[%clk 1:23:14]} c6 {[%clk
1:25:29]} 10. Rad1 {[%clk 1:18:33]} b6 {[%clk 1:17:20]} 11. dxe5 {[%clk
1:14:54]} dxe5 {[%clk 1:10:30]} 12. Ne4 {[%clk 1:06:54]} Nxe4 {[%clk 0:59:57]}
13. Bxe4 {[%clk 1:06:22]} Qe6 {[%clk 0:59:37]} 14. Nd2 {[%clk 0:55:30]} Nc5
{[%clk 0:50:47]} 15. Bf3 {[%clk 0:51:23]} f6 {[%clk 0:47:46]} 16. Bh4 {[%clk
0:50:28]} g5 {[%clk 0:47:33]} 17. Bg3 {[%clk 0:50:13]} f5 {[%clk 0:47:49]} 18.
h3 {[%clk 0:48:59]} e4 {[%clk 0:40:20]} 19. Be2 {[%clk 0:47:37]} f4 {[%clk
0:39:25]} 20. exf4 {[%clk 0:44:29]} gxf4 {[%clk 0:39:44]} 21. Bh2 {[%clk
0:40:09]} f3 {[%clk 0:28:27]} 22. gxf3 {[%clk 0:37:43]} exf3 {[%clk 0:28:49]}
23. Bxf3 {[%clk 0:35:47]} Qxh3 {[%clk 0:28:31]} 24. Bg2 {[%clk 0:35:50]} Qg4
{[%clk 0:27:14]} 25. Ne4 {[%clk 0:29:13]} Bf5 {[%clk 0:24:03]} 26. f3 {[%clk
0:26:16]} Bxe4 {[%clk 0:17:19]} 27. fxe4 {[%clk 0:26:29]} Rxf1 {[%clk 0:16:22]}
28. Rxf1 {[%clk 0:23:54]} Qg6 {[%clk 0:15:34]} 29. Qe2 {[%clk 0:20:24]} Re8
{[%clk 0:13:04]} 30. Re1 {[%clk 0:19:28]} 1/2-1/2

[Event "DVM U16 2022"]
[Site "Darmstadt GER"]
[Date "2022.12.29"]
[Round "6"]
[White "Rommel, Kevin"]
[Black "Nuñez Grégoire, Daniel"]
[Result "0-1"]
[Termination "normal"]
[Board "8.4"]
[WhiteElo "1408"]
[BlackElo "1650"]
[WhiteClock "00:07:05"]
[BlackClock "01:38:21"]
[WhiteTeam "Rhedaer Schachverein von 1931 e. V."]
[BlackTeam "Stuttgarter SF 1879"]
[PlyCount "128"]
[WhiteFideId "34640185"]
[BlackFideId "34627103"]
[EventCountry "GER"]
[EventRounds "7"]
[EventType "team-swiss"]
[EventDate "2022.12.26"]

1. c3 {[%clk 1:30:55]} d5 {[%clk 1:30:46]} 2. d4 {[%clk 1:31:18]} Nf6 {[%clk
1:30:56]} 3. Bf4 {[%clk 1:31:16]} e6 {[%clk 1:31:10]} 4. Nf3 {[%clk 1:31:17]}
Nc6 {[%clk 1:31:23]} 5. Nbd2 {[%clk 1:31:24]} Bd6 {[%clk 1:31:41]} 6. Bxd6
{[%clk 1:31:44]} Qxd6 {[%clk 1:32:05]} 7. e3 {[%clk 1:31:47]} O-O {[%clk
1:32:12]} 8. Bd3 {[%clk 1:31:23]} h6 {[%clk 1:32:31]} 9. Qc2 {[%clk 1:31:13]}
e5 {[%clk 1:32:43]} 10. dxe5 {[%clk 1:29:59]} Nxe5 {[%clk 1:33:03]} 11. Nxe5
{[%clk 1:29:42]} Qxe5 {[%clk 1:33:25]} 12. Nf3 {[%clk 1:29:06]} Qe7 {[%clk
1:33:26]} 13. O-O {[%clk 1:24:12]} Bg4 {[%clk 1:33:23]} 14. Nd2 {[%clk
1:21:56]} Rfe8 {[%clk 1:32:26]} 15. Rfe1 {[%clk 1:17:11]} Ne4 {[%clk 1:30:45]}
16. f3 {[%clk 1:01:29]} Nxd2 {[%clk 1:31:07]} 17. Qxd2 {[%clk 1:01:46]} Be6
{[%clk 1:31:03]} 18. e4 {[%clk 0:56:28]} Qc5 {[%clk 1:30:44]} 19. Qe3 {[%clk
0:54:07]} Qxe3 {[%clk 1:30:57]} 20. Rxe3 {[%clk 0:54:25]} dxe4 {[%clk 1:30:33]}
21. Bxe4 {[%clk 0:52:29]} Bd5 {[%clk 1:30:06]} 22. Rae1 {[%clk 0:52:49]} Bxe4
{[%clk 1:30:27]} 23. Rxe4 {[%clk 0:52:56]} Red8 {[%clk 1:29:23]} 24. R1e2
{[%clk 0:49:53]} Kf8 {[%clk 1:28:26]} 25. Kf2 {[%clk 0:48:43]} Rd7 {[%clk
1:28:04]} 26. Ke1 {[%clk 0:44:39]} Rad8 {[%clk 1:28:05]} 27. R4e3 {[%clk
0:42:35]} g6 {[%clk 1:28:04]} 28. b3 {[%clk 0:41:53]} a5 {[%clk 1:24:28]} 29.
c4 {[%clk 0:39:18]} b6 {[%clk 1:23:34]} 30. Re5 {[%clk 0:38:14]} c5 {[%clk
1:23:04]} 31. a4 {[%clk 0:36:23]} Rd3 {[%clk 1:23:06]} 32. R5e3 {[%clk
0:35:34]} Rd1 {[%clk 1:22:23]} 33. Kf2 {[%clk 0:35:48]} Rb1 {[%clk 1:22:35]}
34. Kg3 {[%clk 0:29:11]} Rdd1 {[%clk 1:21:56]} 35. Re8 {[%clk 0:28:16]} Kg7
{[%clk 1:22:07]} 36. R8e3 {[%clk 0:28:41]} h5 {[%clk 1:20:44]} 37. Kh3 {[%clk
0:23:08]} Kf6 {[%clk 1:18:51]} 38. f4 {[%clk 0:20:24]} Rf1 {[%clk 1:15:30]} 39.
g3 {[%clk 0:19:36]} Rfd1 {[%clk 1:13:38]} 40. Rf3 {[%clk 0:07:31]} Rd6 {[%clk
1:10:10]} 41. Kh4 {[%clk 0:00:32]} Rbd1 {[%clk 1:09:57]} 42. Rfe3 {[%clk
0:27:10]} R6d2 {[%clk 1:39:02]} 43. Rxd2 {[%clk 0:22:36]} Rxd2 {[%clk 1:39:07]}
44. Kh3 {[%clk 0:22:50]} Rb2 {[%clk 1:38:25]} 45. Rd3 {[%clk 0:20:32]} Kg7
{[%clk 1:38:22]} 46. Re3 {[%clk 0:18:57]} Kh6 {[%clk 1:38:36]} 47. Rd3 {[%clk
0:18:04]} f6 {[%clk 1:38:35]} 48. Rd6 {[%clk 0:15:39]} Rxb3 {[%clk 1:38:51]}
49. Rxf6 {[%clk 0:15:57]} Kg7 {[%clk 1:38:25]} 50. Rd6 {[%clk 0:15:33]} Rb4
{[%clk 1:38:35]} 51. Rd7 {[%clk 0:15:17]} Kf6 {[%clk 1:38:40]} 52. Rd6 {[%clk
0:15:12]} Kf5 {[%clk 1:38:25]} 53. Rd5 {[%clk 0:12:46]} Ke6 {[%clk 1:38:24]}
54. Rg5 {[%clk 0:12:14]} Kf6 {[%clk 1:38:32]} 55. Rd5 {[%clk 0:12:22]} Rxc4
{[%clk 1:38:47]} 56. Rd6 {[%clk 0:12:39]} Kf5 {[%clk 1:38:38]} 57. Rxb6 {[%clk
0:12:48]} Rxa4 {[%clk 1:37:41]} 58. Rb5 {[%clk 0:12:58]} Rc4 {[%clk 1:37:55]}
59. Rxa5 {[%clk 0:13:09]} Rc2 {[%clk 1:38:00]} 60. Ra6 {[%clk 0:09:08]} c4
{[%clk 1:38:02]} 61. Rc6 {[%clk 0:09:18]} c3 {[%clk 1:38:06]} 62. Rc4 {[%clk
0:08:34]} Rc1 {[%clk 1:37:56]} 63. Kg2 {[%clk 0:07:52]} c2 {[%clk 1:38:10]} 64.
Kf2 {[%clk 0:07:05]} Rh1 {[%clk 1:38:21]} 0-1